| 000 | 01178nam a2200265 i 4500 | ||
|---|---|---|---|
| 001 | 193414 | ||
| 003 | ES-MaACL | ||
| 005 | 20250829062536.0 | ||
| 007 | t| | ||
| 008 | 231122s2009 sp r ||||1| spa d | ||
| 040 | _cES-MaACL | ||
| 100 | 1 |
_aCabrelles Sagredo, María de la Soledad _9234589 |
|
| 245 | 1 | 3 |
_aEl juego musical como factor potenciador de la atención y la memoria para mejorar el aprendizaje musical infantil : _bresumen de tesis doctoral / _cSoledad Cabrelles Sagredo. |
| 260 |
_a[Madrid] : _bUniversidad Nacional de Educación a Distancia, _c2009. |
||
| 300 |
_a[12] p. ; _c30 cm. |
||
| 502 | _aTesis-Universidad Nacional de Educación a Distancia, Facultad de Educación, 2009 | ||
| 650 | 4 |
_aMúsica- _xEstudio y enseñanza _915383 |
|
| 655 | 7 |
_9226867 _aTesis y escritos académicos |
|
| 710 | 2 |
_aUniversidad Nacional de Educación a Distancia (España) _97405 |
|
| 852 |
_aES-MaACL _j2344-F-12 _9200870 _cDEPOF _hDonación: Soledad Cabrelles Sagredo |
||
| 903 |
_9234589 _aCabrelles Sagredo, María de la Soledad _ednr |
||
| 942 | _cFOLLETOS | ||
| 999 |
_c193414 _d193414 |
||